« Retourner aux résultats de recherche
Amour et la fureur (L')
| Auteur principal: | Martin Suter |
|---|---|
| Support: | Livres |
| Langue: | Francais |
| Publié: |
2026 Phébus Paris |
| Genre: |
Roman |
| Sujets: | |
| Étiquettes: |
Ajouter
Pas de Tags !
|
| LEADER | 01506nam0a2200169 450 | ||
|---|---|---|---|
| 001 | 16847741 | ||
| 010 | |a 978-2-7529-1528-3 |b Br. |d 22,9 | ||
| 100 | |a 20260218d2026 u u0frey01 ba | ||
| 101 | 0 | |a fre | |
| 200 | 0 | |a Amour et la fureur (L') |f Martin Suter | |
| 207 | 1 | |a | |
| 210 | |a Paris |c Phébus |d 2026 | ||
| 330 | |a « Je taime, mais je naime pas la vie avec toi. » Lasse de se morfondre dans une vie étriquée, Camilla quitte du jour au lendemain son boulot de comptable et son petit ami, Noah, artiste sans le sou qui vit à ses crochets. Elle se dit pourtant encore amoureuse, mais cela ne lui suffit plus. Désespéré, le jeune peintre est prêt à tout pour reconquérir sa muse. Alors lorsquil rencontre Betty, la veuve sexagénaire dun homme daffaires poussé dans la tombe par son associé, Noah accepte la mission de tueur à gages quelle lui propose pour obtenir vengeance, moyennant une juteuse rémunération. Mais lamour et la fureur ont-ils jamais fait bon ménage ? Maître du trompe-lil, des ellipses savamment distillées et des dialogues à double fond, Martin Suter nous offre un suspense acide et jouissif, où la vérité se joue de nous jusquà la dernière ligne. Une étourdissante réflexion sur les jeux de pouvoir, les dynamiques de couple, les mensonges et la trahison. | ||
| 700 | 0 | |a Suter |b Martin |f 1948-.... |4 70 | |
| 900 | |a Roman | ||
| 901 | |a Accessible au prêt | ||
| 995 | |a Bibliothèque |c Bibliothèque |f 024026095 |h 024026095 |k R SUT |o p |q a |r az |e Bibliothèque | ||
